Most Famous Countries - Statistics

General Stats
  • This quiz has been taken 88 times
  • The average score is 41 of 50
Answer Stats
# Country % Correct
6 Australia
99%
1 United States
99%
4 Mexico
97%
5 China
96%
7 France
96%
2 Russia
96%
9 United Kingdom
95%
3 Canada
94%
12 Germany
94%
11 India
94%
13 Italy
94%
8 Brazil
92%
10 Japan
92%
24 New Zealand
92%
14 Spain
92%
30 Norway
91%
19 Sweden
91%
17 Argentina
90%
21 Egypt
90%
29 Finland
90%
28 Iran
90%
26 Iraq
88%
20 South Africa
88%
16 Ireland
86%
23 South Korea
85%
27 Turkey
85%
35 Denmark
83%
37 Switzerland
83%
41 Indonesia
82%
34 Poland
82%
31 Greece
81%
40 Netherlands
81%
42 Saudi Arabia
81%
50 Belgium
79%
25 Portugal
78%
48 Austria
77%
18 Chile
77%
33 Peru
77%
22 North Korea
76%
39 Pakistan
76%
44 Thailand
76%
15 Iceland
74%
49 Ukraine
72%
43 Colombia
71%
36 Cuba
71%
46 Morocco
68%
45 Afghanistan
62%
38 Mongolia
44%
47 Uruguay
40%
32 Madagascar
37%
No matching quizzes found
Score Distribution
Percent of People with Each Score
Percentile by Number Answered
Your Score History
You have not taken this quiz